| 000 | 01185nam1a2200265 i 4500 | ||
|---|---|---|---|
| 001 | RU\NLR\b_ik\155590 | ||
| 005 | 20241225153822.0 | ||
| 035 | _a(NLR Aleph) 002228573 | ||
| 090 |
_a3396209 _c3396209 |
||
| 100 | _a20070126g20069999u y0rusy50 ba | ||
| 101 | 0 | _ager | |
| 102 | _aRU | ||
| 105 | _a||||z ||||| | ||
| 200 | 9 |
_aDas biographische Wörterbuch der Kontrabassisten der Vergangenheit _fAlexander Michno |
|
| 210 |
_aМосква _cКомпания Спутник+ _d2006 |
||
| 215 | _d21 | ||
| 463 | 1 |
_1001RU\NLR\b_ik\152302 _12001#$a(geb. bis 1900) _0RU\NLR\b_ik\152302 _93354811 _cБ. м. _d2006 _p232 с. _tDas biographische Wörterbuch der Kontrabassisten der Vergangenheit. - (geb. bis 1900) _y5-364-00116-4 |
|
| 541 | 0 |
_aБиографический словарь контрабасистов прошлого _zrus |
|
| 606 | 1 |
_aКонтрабасисты _jБиографические словари _92465593 _3RU\NLR\AUTH\661464747 |
|
| 686 | 4 | _aЩ313(0)я2 | |
| 700 | 1 |
_aMichno _bA. V. _gAleksandr Vasil'evič _4070 |
|
| 801 | 0 |
_aRU _bNLR _c20070126 _gRCR |
|
| 852 |
_aNLR _bСИк _j2006-2/54 |
||
| 942 | _cBOOK | ||